000 00412nam a2200169Ia 4500
005 20140404082400.0
008 140130s9999 xx 000 0 und d
050 _aPZ 7
_b.N736Ab 2001
245 _cNix, Garth
_aThe seventh tower: above the evil
260 _bScholastic,
_c2001
300 _a246 p. :
_c21 cm.
440 _v1
_931174
521 _aG5
526 _c740
942 _cBK
_2lcc
999 _c41079
_d41079